000
00285nam a2200121 a 4500
005
20140414093846.0
008
100219s19uu xx uuu eng d
050
_a
CD 371
_b
SMA [n.d.]
245
_a
Smartscript corporation.
650
_a
Education.
942
_c
AVM
999
_c
109617
_d
109617